Music Quiz

Random Music or Song Quiz

Guess Infinite's Songs! (by lyrics) Quiz Stats

 Plays Quiz not verified by Sporcle

Score 0/11 Timer 12:00
0 Plays Today
lyrics % Correct
'...Because I listen to my heartbeat one by one...'Before The Dawn
96.1%
'...Dasi dorawa, dorawa, dorawa~...'Come Back Again
90.4%
'...Jikyeobwa wat janha ni sarangeul gin ibyeoreul...'Be Mine
84.4%
'...Nan nan, neo eobshi do. Nan nan, jigeumeun niga pilyo hae...'Paradise
72.5%
'...Hamkke good love~...'She's Back
65.6%
'...Hajiman ireohke aniya (ireohke aniya) nan geuttnael su eobseo...'Nothing's Over
63.7%
'...Jakku neoege nan wanna be the star Chajeum hana dulsshik kkeojyeogago...'Hysterie
49.4%
'...Geunde wae iri niga anwa (babe babe) Wae iri yeonrak eopji (babe babe)...'Amazing
45.6%
'...Niga namgigo gan shigane. Cheoreopteon sarangeun jangnani dwego...'Julia
38.3%
'...Hey, gaman bwabwa neoman bojanha...'Real Story
38.2%
'...Marhalge ye Ni nun bogo marhalge ye Nege nameun sarangeul ye ijerado nege gonnego sipo...'White Confession
32.4%

You're not logged in!

Compare scores with friends on all Sporcle quizzes.
OR
Log In

Show Comments

Extras

Created Dec 7, 2011ReportNominate
Tags:Song Quiz, infinite

Top Quizzes Today


Score Distribution

Your Account Isn't Verified!

In order to create a playlist on Sporcle, you need to verify the email address you used during registration. Go to your Sporcle Settings to finish the process.

Report this User

Report this user for behavior that violates our Community Guidelines.

Details: